Геохимия и минералогия аномально люминесцирующих прослоев баженовской свиты Западно-Сибирского осадочного бассейна: диссертация на соискание ученой степени кандидата геолого-минералогических наук; спец. 25.00.09

Бібліографічні деталі
Автор: Кондрашова Е. С. Елена Сергеевна
Співавтор: Национальный исследовательский Томский политехнический университет
Інші автори: Арбузов С. И. Сергей Иванович (научный руководитель)
Резюме:Защищена 24.11.2021 г.
Мова:Російська
Опубліковано: Томск, [Б. и.], 2021
Предмети:
Формат: MixedMaterials Книга
KOHA link:https://koha.lib.tpu.ru/cgi-bin/koha/opac-detail.pl?biblionumber=346815

MARC

LEADER 00000nbm0a2200000 4500
001 346815
005 20231102005928.0
035 |a (RuTPU)RU\TPU\book\378700 
090 |a 346815 
100 |a 20211119j20211124k y0rusy50 ca 
101 0 |a rus 
102 |a RU 
105 |a a m 001zy 
200 1 |a Геохимия и минералогия аномально люминесцирующих прослоев баженовской свиты Западно-Сибирского осадочного бассейна  |e диссертация на соискание ученой степени кандидата геолого-минералогических наук  |e спец. 25.00.09  |f Е. С. Кондрашова  |g Национальный исследовательский Томский политехнический университет ; науч. рук. С. И. Арбузов 
210 |a Томск  |c [Б. и.]  |d 2021 
215 |a 152 л.  |c ил. 
300 |a Защищена 24.11.2021 г. 
320 |a Библиогр.: с. 134-152 (211 назв.) 
606 1 |a Нефтегазоносность  |x Поиски и разведка  |2 stltpush  |3 (RuTPU)RU\TPU\subj\45612  |9 64805 
610 1 |a геология 
610 1 |a стратиграфия 
610 1 |a литология 
610 1 |a геохимия 
610 1 |a Западно-Сибирская нефтегазовая провинция 
610 1 |a баженовская свита 
610 1 |a вещественный состав 
610 1 |a минералого-петрографические особенности 
610 1 |a люминесцирующие прослои 
610 1 |a диссертации 
675 |a 553.98:550.8(04)  |v 4 
686 |a 25.00.09  |2 oksvnk 
700 1 |a Кондрашова  |b Е. С.  |c геолог  |c инженер Томского политехнического университета  |f 1991-  |g Елена Сергеевна  |2 stltpush  |3 (RuTPU)RU\TPU\pers\44838 
702 1 |a Арбузов  |b С. И.  |c российский геолог и геохимик  |c профессор Томского политехнического университета, доктор геолого-минералогических наук  |f 1959-  |g Сергей Иванович  |2 stltpush  |3 (RuTPU)RU\TPU\pers\24710  |4 727 
712 0 2 |a Национальный исследовательский Томский политехнический университет  |c (2009- )  |2 stltpush  |3 (RuTPU)RU\TPU\col\15902  |9 26305 
801 1 |a RU  |b 63413507  |c 20211119 
801 2 |a RU  |b 63413507  |c 20211220  |g RCR 
942 |c BK